Answers Start With J - Statistics

General Stats
  • This quiz has been taken 100 times
  • The average score is 12 of 15
Answer Stats
Hint Answer % Correct
Nike Air ____: named after a certain NBA player Jordan
98%
Last name of the singer of Thriller and Billie Jean Jackson
97%
Strawberry, grape, or blackberry substance that goes on toast Jelly / Jam
95%
Rhymes with "punk" Junk
94%
Jack and ____ went up a hill... Jill
91%
What's the different between prision and ____? (something you may search) Jail
89%
Asian island country Japan
89%
Spicy green pepper Jalapeno
84%
Playing card Jack
83%
Jacksonville NFL team Jaguars
82%
Last name of the third US president Jefferson
77%
One of the most popular gelatin brands Jello
70%
Video game involving dancing to popular songs Just Dance
68%
Zip up hoodie Jacket
66%
The Supreme Court has nine of them Justice
51%
No matching quizzes found
Score Distribution
Percent of People with Each Score
Percentile by Number Answered
Your Score History
You have not taken this quiz